Corrección bacteriológica del agua de bebida por medio de los hipocloritos alcalinos y por el cloro líquido (Record no. 127132)
[ view plain ]
| 000 -LEADER | |
|---|---|
| campo de control de longitud fija | 00973nam a2200217 i 4500 |
| 001 - NÚMERO DE CONTROL | |
| campo de control | 127132 |
| 003 - IDENTIFICADOR DE NÚMERO DE CONTROL | |
| campo de control | ES-MaACL |
| 005 - FECHA Y HORA DE LA ÚLTIMA TRANSACCIÓN | |
| campo de control | 20230906192942.0 |
| 007 - CAMPO FIJO DE DESCRIPCIÓN FÍSICA--INFORMACIÓN GENERAL | |
| campo de control de longitud fija | t| |
| 008 - DATOS DE LONGITUD FIJA--INFORMACIÓN GENERAL | |
| campo de control de longitud fija | 070214s1923 sp |||| | spa d |
| 100 1# - ENTRADA PRINCIPAL--NOMBRE DE PERSONA | |
| Nombre de persona | Ricart y Gualdo, Francisco. |
| 9 (RLIN) | 96868 |
| 245 10 - MENCIÓN DEL TÍTULO | |
| Título | Corrección bacteriológica del agua de bebida por medio de los hipocloritos alcalinos y por el cloro líquido |
| Resto del título | : sus aplicaciones en los ejércitos aliados durante la guerra de 1914-1918. / |
| Mención de responsabilidad, etc. | Francisco Ricart y Gualdo. |
| 260 ## - PUBLICACIÓN, DISTRIBUCIÓN, ETC. | |
| Lugar de publicación, distribución, etc. | Barcelona : |
| Nombre del editor, distribuidor, etc. | Sobrinos de López Robert, |
| Fecha de publicación, distribución, etc. | 1923. |
| 300 ## - DESCRIPCIÓN FÍSICA | |
| Extensión | 72 p. : |
| Otras características físicas | il. |
| 490 1# - MENCIÓN DE SERIE | |
| Mención de serie | Memorias de la Real Academia de Ciencias y Artes de Barcelona, 3ª época ; |
| Designación de volumen o secuencia | 17; n. 23 |
| 650 #4 - PUNTO DE ACCESO ADICIONAL DE MATERIA--TÉRMINO DE MATERIA | |
| Término de materia o nombre geográfico como elemento de entrada | Agua- |
| Subdivisión general | Tratamiento. |
| 9 (RLIN) | 135539 |
| 710 2# - ENTRADA AGREGADA--NOMBRE DE ENTIDAD CORPORATIVA | |
| Nombre de entidad corporativa o nombre de jurisdicción como elemento de entrada | Real Academia de Ciencias y Artes de Barcelona. |
| 9 (RLIN) | 150016 |
| 830 0# - PUNTO DE ACCESO ADICIONAL DE SERIE-TÍTULO UNIFORME | |
| Título uniforme | Memorias de la Real Academia de Ciencias y Artes de Barcelona, 3ª época ; |
| Designación de volumen o secuencia | 17; n. 23 |
| 9 (RLIN) | 219174 |
| 852 ## - LOCALIZACIÓN | |
| Ubicación | ES-MaACL |
| Número de control de estantería | 1662-F-7 |
| Estatus retirado | Estado de pérdida | Estado de daño | No para préstamo | Colección | Biblioteca de origen | Biblioteca actual | Ubicación en estantería | Fecha de adquisición | Fuente de adquisición | Total de préstamos | Signatura topográfica completa | Código de barras | Visto por última vez | Precio de reemplazo | Tipo de ítem Koha |
|---|---|---|---|---|---|---|---|---|---|---|---|---|---|---|---|
| Colección de folletos | Biblioteca del Ateneo de Madrid | Biblioteca del Ateneo de Madrid | Depósito folletos | 17/01/2008 | 1662-F-7 | 1132417 | 23/02/2023 | 23/02/2023 | Folleto |
